"Krútňava" znovu v Národním

Bibliographic Details
Format: Article
Language:Slovak
Subjects:

MARC

LEADER 00000nab a2200000 ar4500
001 vtls010039528
003 SK-MaSNL
005 20260303201958.0
008 100115c1973 xo |r|p|||||||000 b|slo
015 |a SNBRB1973 
038 |a SNKBUCL 
040 |a SNKBUCL  |b slo  |c SNKBUCL  |e AACR2 
041 |a slo 
044 |a xo  |c SK 
080 |a 792.5  |2 1997 
245 0 0 |a "Krútňava" znovu v Národním  |c [autor] der 
600 1 7 |a Suchoň, Eugen,  |d 1908-1993  |t Krútňava  |2 snkbucl  |9 103395 
610 2 7 |a Národní divadlo v Praze.  |b Opera  |2 snkbucl  |9 209422 
650 0 7 |a opery  |2 snkbucl  |9 3214 
650 0 7 |a operné inscenácie  |2 snkbucl  |9 3330 
655 7 |a recenzie  |2 snkbucl  |9 21907 
773 0 |t Večerní Praha  |g (17.1.1973), s. 6 
852 |a SNK  |b KIS3GCP 
958 |a SK 
958 |a RC 
999 |c 2177313  |d 2179243